| 000 | 00720nam a22002297a 4500 | ||
|---|---|---|---|
| 999 |
_c9627 _d9627 |
||
| 003 | AR-CdUCM | ||
| 008 | 190328b ||||| |||| 00| 0 spa d | ||
| 040 |
_aMUNICIPALIDAD PROVINCIAL DEL CUSCO _cBIBLIOTECA MUNICIPAL DEL CUSCO |
||
| 041 | _hfre | ||
| 082 |
_23ed. _a443 / _bB45 / 1849 |
||
| 100 |
_aBerbreugger, D. A. _925954 |
||
| 245 |
_aCurso de temas franceses : _bó gramática práctica / |
||
| 260 |
_aParis : _bLibrería Castellana, _c1849. |
||
| 300 |
_a72 páginas ; _c21 cm. |
||
| 505 | _aContenido: Gramática. | ||
| 650 |
_aPronombres personales _925955 |
||
| 650 |
_aResumen _925956 |
||
| 650 |
_aEjercicio general _925957 |
||
| 650 |
_aVersos auxiliares _925958 |
||
| 942 |
_2ddc _cLIBROS |
||
| 945 | _aachl | ||